| 000 | 00405nam a2200157 a 4500 | ||
|---|---|---|---|
| 008 | 960227s1993||||xo 0 slo c | ||
| 020 |
_a8022102687 _c95 |
||
| 040 |
_aSNK _bslo _cSNK _eAACR2 |
||
| 041 | 1 | _aslo | |
| 044 |
_axo _cSK |
||
| 100 | 1 |
_aFischerová, Marie Louise _4aut |
|
| 245 | 1 | 0 |
_aDragúnsky dom _cMarie Louise Fischerová |
| 250 | _a1. vyd. | ||
| 260 |
_aBratislava _bSmena _c1993 |
||
| 958 | _aA | ||
| 999 |
_c10693 _d10693 |
||